Sports Quiz

Random Sports Quiz

NASCAR- Jeff Gordon Win #65 Results Quiz Stats

 Plays Quiz not verified by Sporcle

Challenge
Share
Tweet
Embed
Score 0/43 Timer 15:00
0 Plays Today
Position Driver % Correct
23Ken Schrader
100%
1Jeff Gordon
96.9%
2Dale Earnhardt, Jr.
96.9%
3Kevin Harvick
96.9%
4Jimmie Johnson
96.9%
5Robby Gordon
96.9%
6Mark Martin
96.9%
10Bobby Labonte
96.9%
12Michael Waltrip
96.9%
15Greg Biffle
96.9%
16Dale Jarrett
96.9%
22Tony Stewart
96.9%
24Kyle Petty
96.9%
25Terry Labonte
96.9%
30Kasey Kahne
96.9%
31Sterling Marlin
96.9%
33Rusty Wallace
96.9%
36Kurt Busch
96.9%
37Kenny Wallace
96.9%
42Matt Kenseth
96.9%
7Jeff Burton
93.8%
9Jamie McMurray
93.8%
Position Driver % Correct
11Ryan Newman
93.8%
28Elliott Sadler
93.8%
32Joe Nemechek
93.8%
35Kerry Earnhardt
93.8%
40Ward Burton
93.8%
43Ricky Craven
93.8%
17Ricky Rudd
90.6%
21Jeremy Mayfield
90.6%
34Scott Riggs
90.6%
8Casey Mears
87.5%
18Scott Wimmer
87.5%
19Jeff Green
87.5%
27Brian Vickers
87.5%
39Dave Blaney
87.5%
20Jimmy Spencer
81.3%
41Morgan Shepherd
81.3%
13Brendan Gaughan
78.1%
38Derrike Cope
75%
14Johnny Sauter
68.8%
29Johnny Benson, Jr.
65.6%
26Eric McClure
46.9%

You're not logged in!

Compare scores with friends on all Sporcle quizzes.
Join for Free
OR
Log In

You Might Also Like...

Show Comments

Extras

Created Jul 10, 2015ReportNominate
Tags:2004, 499, aaron, car, driver, gordon, jeff, NASCAR, result, sponsor, win

Top Quizzes Today


Score Distribution

Your Account Isn't Verified!

In order to create a playlist on Sporcle, you need to verify the email address you used during registration. Go to your Sporcle Settings to finish the process.

Report this User

Report this user for behavior that violates our Community Guidelines.

Details: